[Event "European Youth Chess Championship B16"]
[Site "Prague, Top Hotel Prague"]
[Date "2016.08.22"]
[Round "5.2"]
[White "Lobanov, Sergei"]
[Black "Fakhrutdinov, Timur"]
[Result "0-1"]
[WhiteElo "2450"]
[BlackElo "2375"]
[PlyCount "86"]
[EventDate "2016.08.18"]

1. d4 Nf6 2. c4 e6 3. Nc3 Bb4 4. e3 O-O 5. Bd3 d5 6. a3 Bxc3+ 7. bxc3 dxc4 8.
Bxc4 c5 9. Ne2 Nc6 10. f3 e5 11. d5 Na5 12. Ba2 Ne8 13. e4 Nd6 14. O-O Qe7 15.
Ng3 Bd7 16. Rb1 b6 17. Rb2 Rae8 18. Re1 f6 19. Rf2 c4 20. Qe2 Rc8 21. f4 Nb3
22. Be3 Nb5 23. Bxb3 cxb3 24. Nf5 Qxa3 25. Bc1 Qc5 26. c4 Bxf5 27. cxb5 Bd7 28.
Qb2 Bxb5 29. Be3 Qc3 30. Qxc3 Rxc3 31. Rb2 Bd3 32. Bd2 Rc2 33. Rxc2 Bxc2 34.
fxe5 b2 35. e6 b1=Q 36. Rxb1 Bxb1 37. d6 Bxe4 38. e7 Bc6 39. exf8=Q+ Kxf8 40.
Kf2 Kf7 41. g4 Ke6 42. Bf4 Kd5 43. Ke3 Bd7 0-1

[Event "European Youth Chess Championship B16"]
[Site "Prague, Top Hotel Prague"]
[Date "2016.08.22"]
[Round "5.3"]
[White "Giannoulakis, Lampros"]
[Black "Hakobyan, Aram"]
[Result "1/2-1/2"]
[WhiteElo "2317"]
[BlackElo "2404"]
[PlyCount "130"]
[EventDate "2016.08.18"]

1. d4 Nf6 2. c4 e6 3. Nc3 Bb4 4. e3 b6 5. Nge2 Bb7 6. a3 Bf8 7. Ng3 h5 8. h4 c5
9. d5 exd5 10. cxd5 g6 11. e4 d6 12. Bb5+ Nfd7 13. e5 a6 14. exd6 Bxd6 15. Bc6
Ra7 16. Nge4 Be5 17. Bxb7 Rxb7 18. Bg5 f6 19. Be3 O-O 20. g4 Bxc3+ 21. Nxc3
hxg4 22. Qxg4 Ne5 23. Qe6+ Rbf7 24. O-O-O Re8 25. Qh3 Qd7 26. Qh2 Qf5 27. Qh3
Qxh3 28. Rxh3 Nbd7 29. Rg1 Kh7 30. f4 Nc4 31. h5 g5 32. fxg5 fxg5 33. Bxg5 Rf2
34. d6 Re6 35. Rhg3 Nxd6 36. Bd2 Nf5 37. R3g2 Rxg2 38. Rxg2 Ne5 39. Ne4 Nd3+
40. Kc2 Ne1+ 41. Bxe1 Rxe4 42. Bd2 Rc4+ 43. Kd3 Rd4+ 44. Kc2 Rc4+ 45. Kb1 Rd4
46. Bc1 Rd1 47. Rd2 Rh1 48. b4 Nd4 49. bxc5 bxc5 50. h6 Rxh6 51. Bb2 Rb6 52.
Rg2 Kh6 53. Kc1 Ne6 54. Kc2 Kh5 55. Kc3 Nf4 56. Rg8 Nd5+ 57. Kc4 Ne3+ 58. Kd3
Nf5 59. Bc1 Kh4 60. Kc4 Rb1 61. Bg5+ Kh5 62. Kxc5 Rb5+ 63. Kc6 Nd4+ 64. Kd7
Rd5+ 65. Kc8 Rxg5 1/2-1/2

[Event "European Youth Chess Championship B16"]
[Site "Prague, Top Hotel Prague"]
[Date "2016.08.22"]
[Round "5.4"]
[White "Radovanovic, Mihajlo"]
[Black "Askerov, Marat"]
[Result "1-0"]
[WhiteElo "2374"]
[BlackElo "2302"]
[PlyCount "81"]
[EventDate "2016.08.18"]

1. d4 Nf6 2. Nf3 e6 3. c4 Bb4+ 4. Bd2 Qe7 5. g3 Nc6 6. Nc3 d6 7. Bg2 Bxc3 8.
Bxc3 Ne4 9. Rc1 Nxc3 10. Rxc3 e5 11. d5 Nb8 12. c5 O-O 13. cxd6 cxd6 14. Qc2
Nd7 15. O-O a5 16. Nd2 b5 17. Rc1 Ba6 18. Rc6 Bb7 19. Rc7 Rac8 20. Qb1 Rxc7 21.
Rxc7 Bc8 22. Bh3 Qd8 23. Rc6 Nb6 24. Bxc8 Nxc8 25. Qd3 Na7 26. Ra6 Qc7 27. Qc3
Qb7 28. Rxd6 b4 29. Qxe5 Qc7 30. Nf3 Qc4 31. b3 Qc2 32. Nd4 Qxa2 33. Nf5 f6 34.
Qe6+ Kh8 35. Qf7 Qb1+ 36. Kg2 Qe4+ 37. f3 Qxe2+ 38. Kh3 Qf1+ 39. Kh4 Rg8 40.
Rd8 g5+ 41. Kg4 1-0

[Event "European Youth Chess Championship B16"]
[Site "Prague, Top Hotel Prague"]
[Date "2016.08.22"]
[Round "5.5"]
[White "Lazov, Toni"]
[Black "Costachi, Mihnea"]
[Result "1/2-1/2"]
[WhiteElo "2297"]
[BlackElo "2416"]
[PlyCount "190"]
[EventDate "2016.08.18"]

1. e4 e5 2. Nf3 Nc6 3. d4 exd4 4. Nxd4 Nf6 5. Nxc6 bxc6 6. e5 Qe7 7. Qe2 Nd5 8.
c4 Ba6 9. b3 g6 10. g3 Bg7 11. Bb2 O-O 12. Bg2 Rae8 13. O-O Bxe5 14. Qxe5 Qxe5
15. Bxe5 Rxe5 16. f4 Re3 17. cxd5 Bxf1 18. Kxf1 cxd5 19. Bxd5 Rd3 20. Bf3 Re8
21. Kf2 d5 22. b4 c6 23. a3 Rb3 24. Nd2 Rb2 25. Rd1 a5 26. bxa5 Ra8 27. Ke3 Ra2
28. Nb3 Rxa3 29. Rd3 Rb8 30. Bd1 Rb4 31. Nd4 Rxa5 32. Nxc6 Re4+ 33. Kf3 Ra2 34.
h4 Re1 35. Nb4 Rf1+ 36. Ke3 Rg2 37. Kd4 f5 38. Bf3 Rgg1 39. Bxd5+ Kg7 40. Bb3
Kh6 41. Nc6 Re1 42. Ne5 Rc1 43. Kd5 Rc7 44. Ke6 Kg7 45. h5 Rh1 46. hxg6 hxg6
47. Bd5 Rhc1 48. g4 fxg4 49. Rg3 Ra1 50. Kd6 Rc8 51. Rxg4 Ra6+ 52. Bc6 Kf6 53.
Rxg6+ Kf5 54. Rg3 Rcxc6+ 55. Nxc6 Kxf4 56. Rg8 Ra1 57. Kd5 Ra2 58. Rf8+ Ke3 59.
Ke5 Rh2 60. Ne7 Kd3 61. Rd8+ Kc4 62. Rd4+ Kc5 63. Re4 Rh5+ 64. Nf5 Rh8 65. Ng7
Rh1 66. Ne6+ Kb5 67. Kd5 Rh5+ 68. Kd6 Rh6 69. Rd4 Ka5 70. Rc4 Kb5 71. Rc8 Kb4
72. Kd5 Rh5+ 73. Ke4 Rh4+ 74. Nf4 Kb5 75. Ke5 Rh1 76. Nd3 Rh5+ 77. Kd4 Rh4+ 78.
Kd5 Rh5+ 79. Ne5 Kb4 80. Rc7 Kb3 81. Rg7 Rh3 82. Rg4 Kc3 83. Kc5 Kb3 84. Rg1
Kc3 85. Rc1+ Kd2 86. Ra1 Kc2 87. Nc6 Rh5+ 88. Kc4 Kd2 89. Ra3 Rh8 90. Rg3 Ke2
91. Ne5 Rd8 92. Ng4 Ra8 93. Re3+ Kd2 94. Rg3 Ke2 95. Re3+ Kd2 1/2-1/2

[Event "European Youth Chess Championship B16"]
[Site "Prague, Top Hotel Prague"]
[Date "2016.08.22"]
[Round "5.6"]
[White "Kevlishvili, Robby"]
[Black "Mirzoyan, David"]
[Result "1-0"]
[WhiteElo "2409"]
[BlackElo "2294"]
[PlyCount "91"]
[EventDate "2016.08.18"]

1. e4 e5 2. Nf3 Nc6 3. Bb5 a6 4. Ba4 Nf6 5. d3 b5 6. Bb3 Be7 7. a4 Rb8 8. axb5
axb5 9. Nc3 O-O 10. O-O d6 11. Nd5 Bg4 12. c3 Qd7 13. Nxe7+ Nxe7 14. Bg5 Ng6
15. h3 Be6 16. Nd2 c5 17. d4 c4 18. Bc2 Qc7 19. Qf3 Ne8 20. Qg3 exd4 21. cxd4
f6 22. Be3 d5 23. Qxc7 Nxc7 24. f4 Bc8 25. f5 Ne7 26. Bf4 Rb7 27. Bd6 Re8 28.
e5 Nc6 29. Nf3 b4 30. Ba4 Nb5 31. e6 Rb6 32. Bc5 Rb8 33. Bxb5 Rxb5 34. Ra8 Ne5
35. Nxe5 fxe5 36. Re1 e4 37. g4 h6 38. h4 b3 39. g5 Kh7 40. Kf2 Rb7 41. Ke3 Rg8
42. g6+ Kh8 43. Ra5 Rd8 44. Kf4 Rb8 45. Ra7 Rb7 46. Ra8 1-0

[Event "European Youth Chess Championship B16"]
[Site "Prague, Top Hotel Prague"]
[Date "2016.08.22"]
[Round "5.7"]
[White "Banzea, Alexandru-Bogdan"]
[Black "Nikitenko, Mihail"]
[Result "1/2-1/2"]
[WhiteElo "2287"]
[BlackElo "2394"]
[PlyCount "104"]
[EventDate "2016.08.18"]

1. e4 c5 2. Nf3 d6 3. d4 cxd4 4. Nxd4 Nf6 5. Nc3 a6 6. Bg5 Nbd7 7. Qe2 b5 8. a4
bxa4 9. Rxa4 e6 10. f4 Qc7 11. g4 Nb6 12. Ra2 Bb7 13. Bg2 h6 14. Bh4 g5 15.
fxg5 hxg5 16. Bxg5 Bg7 17. Bf4 Qc4 18. Qxc4 Nxc4 19. Ra4 Rc8 20. Rb4 Ba8 21. h3
Nxg4 22. hxg4 Rxh1+ 23. Bxh1 Bxd4 24. Nd1 e5 25. Bc1 Ke7 26. c3 Ba7 27. Bf3 Rc7
28. Ke2 Bb7 29. Ne3 Nxe3 30. Bxe3 a5 31. Ra4 Bxe3 32. Kxe3 Rc5 33. Be2 Bc8 34.
g5 Be6 35. Ra1 Bd7 36. Rg1 Be8 37. Kd2 a4 38. Bd3 Rc8 39. Re1 Bd7 40. Rg1 Rh8
41. Rg2 Be8 42. Bc4 Rh5 43. Be2 Rh4 44. Bf3 Kf8 45. Ke3 Kg7 46. Rd2 Kg6 47.
Rxd6+ Kxg5 48. Rd8 Bc6 49. Rd6 Rh6 50. Rxh6 Kxh6 51. Be2 Kg5 52. Bc4 f5 1/2-1/2

[Event "European Youth Chess Championship B16"]
[Site "Prague, Top Hotel Prague"]
[Date "2016.08.22"]
[Round "5.8"]
[White "Macovei, Andrei"]
[Black "Schroeder, Kevin"]
[Result "1-0"]
[WhiteElo "2382"]
[BlackElo "2286"]
[PlyCount "113"]
[EventDate "2016.08.18"]

1. e4 e5 2. Nf3 Nc6 3. Bb5 Nf6 4. d3 d6 5. d4 Bd7 6. O-O a6 7. Bxc6 Bxc6 8. d5
Bd7 9. Re1 g6 10. c4 Bg7 11. Nc3 O-O 12. Bd2 Nh5 13. Rc1 h6 14. Be3 Nf4 15.
Bxf4 exf4 16. Qd2 g5 17. e5 Re8 18. exd6 cxd6 19. Rxe8+ Qxe8 20. Re1 Qd8 21.
Ne4 Bf5 22. Qb4 Bxe4 23. Rxe4 Qd7 24. h3 b5 25. b3 Rc8 26. Qa3 bxc4 27. Rxc4
Ra8 28. Rc6 Qf5 29. Qxd6 Bf8 30. Qe5 Qxe5 31. Nxe5 Rd8 32. Ng4 Kg7 33. Nxh6
Rxd5 34. Rxa6 Rd1+ 35. Kh2 Bc5 36. h4 Bxf2 37. Nf5+ Kh7 38. hxg5 Bc5 39. Kh3
Rd2 40. Kg4 Rxg2+ 41. Kxf4 Bb4 42. Ra7 Bd2+ 43. Ke5 Bc3+ 44. Ke4 Rg4+ 45. Kd3
Bb4 46. Ne3 Rg3 47. Rxf7+ Kg6 48. Rc7 Rxg5 49. Rc4 Ba3 50. Rg4 Rxg4 51. Nxg4
Kf5 52. Ne3+ Ke6 53. Kc4 Kd6 54. b4 Kc6 55. Nd5 Kb7 56. Kb3 Bc1 57. a4 1-0

[Event "European Youth Chess Championship B16"]
[Site "Prague, Top Hotel Prague"]
[Date "2016.08.22"]
[Round "5.9"]
[White "Gokerkan, Cem Kaan"]
[Black "Bronstein, Or"]
[Result "0-1"]
[WhiteElo "2371"]
[BlackElo "2284"]
[PlyCount "68"]
[EventDate "2016.08.18"]

1. e4 c5 2. Nf3 d6 3. d4 cxd4 4. Nxd4 Nf6 5. Nc3 a6 6. Bg5 Nbd7 7. Qe2 Qa5 8.
f4 h6 9. Nb3 Qc7 10. Bh4 e5 11. fxe5 dxe5 12. O-O-O Be7 13. g4 b5 14. Bg3 Nb6
15. h3 O-O 16. Bg2 Nc4 17. Rd3 Bd7 18. Bh4 Be6 19. Bxf6 Bxf6 20. h4 Rfd8 21.
Rg3 Qe7 22. Rgh3 Rac8 23. Kb1 g6 24. h5 Bg7 25. Rd3 a5 26. Rhd1 Rf8 27. Bh3 a4
28. Nd2 Qb4 29. b3 Qa3 30. Nxc4 bxc4 31. Rg3 Rb8 32. Nd5 axb3 33. cxb3 cxb3 34.
Rc3 Bxd5 0-1

[Event "European Youth Chess Championship B16"]
[Site "Prague, Top Hotel Prague"]
[Date "2016.08.22"]
[Round "5.10"]
[White "Marosi, Levente"]
[Black "Risting, Eivind Olav"]
[Result "0-1"]
[WhiteElo "2274"]
[BlackElo "2347"]
[PlyCount "128"]
[EventDate "2016.08.18"]

1. e4 c6 2. Nc3 d5 3. Nf3 Nf6 4. e5 Ne4 5. Ne2 Qb6 6. d4 e6 7. Nfg1 f6 8. f3
Ng5 9. exf6 gxf6 10. f4 Nf7 11. Nf3 e5 12. fxe5 fxe5 13. Ng3 Bg4 14. Be2 Bxf3
15. Bxf3 Qxd4 16. Qxd4 exd4 17. Nf5 Nd7 18. Bd2 O-O-O 19. O-O-O Nde5 20. Nxd4
Nxf3 21. Nxf3 Rg8 22. Rhf1 Nd6 23. Ng5 Nc4 24. Nxh7 Nxd2 25. Rxf8 Rdxf8 26.
Nxf8 Ne4 27. Rf1 Rxg2 28. h4 Rh2 29. Ng6 Kc7 30. b3 d4 31. Rf4 Nc3 32. Kb2 c5
33. Rf5 b6 34. Rf7+ Kc6 35. Ne5+ Kd5 36. Nf3 Rh1 37. a4 Rb1+ 38. Ka3 Ra1+ 39.
Kb2 Ra2+ 40. Kc1 Ra1+ 41. Kb2 Rh1 42. Rd7+ Ke6 43. Rh7 Kf5 44. Rf7+ Ke4 45.
Nd2+ Kd5 46. Nc4 Nxa4+ 47. bxa4 Kxc4 48. Rxa7 Rh2 49. Rd7 Rxh4 50. Rd8 Rh2 51.
Rd6 Rg2 52. Rh6 d3 53. Rh4+ Kd5 54. Kc3 dxc2 55. Kb2 Kc6 56. Rh7 Rg4 57. Ra7
Rc4 58. Kc1 Rc3 59. a5 b5 60. Ra6+ Kd5 61. Rb6 b4 62. a6 Kc4 63. Rb7 Ra3 64. a7
b3 0-1

[Event "European Youth Chess Championship B16"]
[Site "Prague, Top Hotel Prague"]
[Date "2016.08.22"]
[Round "5.11"]
[White "Lopez, Mulet Inigo"]
[Black "Mesaros, Florian"]
[Result "1/2-1/2"]
[WhiteElo "2343"]
[BlackElo "2270"]
[PlyCount "114"]
[EventDate "2016.08.18"]

1. d4 d5 2. c4 e6 3. g3 Nf6 4. Bg2 Bb4+ 5. Nd2 O-O 6. Ngf3 b6 7. O-O Bb7 8.
cxd5 exd5 9. Ne5 Re8 10. a3 Bd6 11. Ndc4 Bf8 12. Qc2 Ne4 13. Nd2 Nxd2 14. Bxd2
c5 15. Bc3 Nd7 16. Qf5 Nxe5 17. dxe5 Rb8 18. Rfd1 d4 19. Bxb7 Rxb7 20. e3 Rd7
21. exd4 cxd4 22. Bb4 Bxb4 23. axb4 g6 24. Qe4 d3 25. Rd2 Rd4 26. Qf3 Rxe5 27.
Rxa7 Rf5 28. Qc6 Kg7 29. Qc3 Qf6 30. Ra1 h5 31. Rad1 Kh7 32. f4 Rfd5 33. Rxd3
Rxd3 34. Rxd3 Qxc3 35. Rxc3 Rd1+ 36. Kf2 Rd2+ 37. Kf3 Rxb2 38. Rc4 Kg7 39. Rd4
b5 40. Re4 Kf6 41. h3 Rb1 42. Kg2 $11 Rb3 43. g4 h4 44. Kh2 Rb2+ 45. Kh1 g5 46.
fxg5+ Kxg5 47. Kg1 Rc2 48. Re5+ Kf4 49. Rxb5 Kg3 50. Rf5 Rg2+ 51. Kh1 Rb2 52.
Kg1 Rg2+ 53. Kh1 Rd2 54. Kg1 Rd7 55. b5 Rb7 56. b6 Rxb6 57. Rxf7 Kxh3 $11
1/2-1/2

[Event "European Youth Chess Championship B16"]
[Site "Prague, Top Hotel Prague"]
[Date "2016.08.22"]
[Round "5.12"]
[White "Tuncer, Tuna"]
[Black "Laurent-Paoli, Pierre"]
[Result "1-0"]
[WhiteElo "2263"]
[BlackElo "2318"]
[PlyCount "91"]
[EventDate "2016.08.18"]

1. e4 c6 2. d4 d5 3. e5 c5 4. dxc5 Nc6 5. Nf3 Bg4 6. c3 e6 7. Be3 Bxf3 8. Qxf3
Nge7 9. Nd2 Nxe5 10. Bb5+ N7c6 11. Qg3 Ng6 12. Bd4 Nh4 13. Bd3 Ng6 14. O-O Qh4
15. Qe3 e5 16. Bxg6 hxg6 17. Bxe5 O-O-O 18. Bg3 Qh6 19. Qxh6 gxh6 20. Nb3 Be7
21. Rad1 Rhe8 22. Rfe1 Bf8 23. Rxe8 Rxe8 24. Kf1 Rd8 25. f3 Rd7 26. Bf2 Ne7 27.
Nc1 h5 28. Nd3 Nc6 29. Bd4 Bh6 30. Ne5 Rc7 31. Nxc6 bxc6 32. b4 Rb7 33. Ke2
Re7+ 34. Kd3 h4 35. a4 a6 36. Bf2 Bf4 37. Re1 Rd7 38. Re8+ Kb7 39. Bxh4 Bxh2
40. Bf6 Bf4 41. g4 Bc1 42. Be5 Ba3 43. Rb8+ Ka7 44. b5 axb5 45. axb5 Rb7 46.
b6+ 1-0

[Event "European Youth Chess Championship B16"]
[Site "Prague, Top Hotel Prague"]
[Date "2016.08.22"]
[Round "5.13"]
[White "Haug, Johannes"]
[Black "Mohammad, Fahim"]
[Result "1-0"]
[WhiteElo "2305"]
[BlackElo "2260"]
[PlyCount "51"]
[EventDate "2016.08.18"]

1. e4 c5 2. Nf3 g6 3. c3 Bg7 4. d4 cxd4 5. cxd4 d5 6. e5 Nc6 7. h3 f6 8. Bb5
Nh6 9. O-O O-O 10. exf6 Rxf6 11. Bg5 Rxf3 12. Bxh6 Bxh6 13. Qxf3 Nxd4 14. Qd3
e5 15. Nc3 Bf5 16. Qd1 Bf4 17. Bd3 e4 18. Be2 Be5 19. Bg4 Qg5 20. Bxf5 Nf3+ 21.
Kh1 gxf5 22. gxf3 Kh8 23. Rg1 Qh4 24. Qf1 exf3 25. Re1 Bd4 26. Rg3 1-0

[Event "European Youth Chess Championship B16"]
[Site "Prague, Top Hotel Prague"]
[Date "2016.08.22"]
[Round "5.14"]
[White "Akhvlediani, Irakli"]
[Black "Janik, Igor"]
[Result "1/2-1/2"]
[WhiteElo "2120"]
[BlackElo "2303"]
[PlyCount "49"]
[EventDate "2016.08.18"]

1. d4 d6 2. Nf3 g6 3. c4 Bg7 4. g3 Nf6 5. Bg2 O-O 6. Nc3 Nbd7 7. O-O e5 8. b3
exd4 9. Nxd4 Re8 10. e4 Nc5 11. f3 Nfd7 12. Be3 Ne5 13. Qd2 a5 14. Ndb5 Ne6 15.
Rad1 Bd7 16. Bh6 Bxh6 17. Qxh6 Bxb5 18. cxb5 c6 19. h3 f5 20. exf5 Nf7 21. Qd2
gxf5 22. f4 d5 23. bxc6 bxc6 24. Bf3 Qf6 25. g4 1/2-1/2

[Event "European Youth Chess Championship B16"]
[Site "Prague, Top Hotel Prague"]
[Date "2016.08.22"]
[Round "5.15"]
[White "Pechac, Jergus"]
[Black "Goldie, Thomas"]
[Result "1/2-1/2"]
[WhiteElo "2443"]
[BlackElo "2193"]
[PlyCount "106"]
[EventDate "2016.08.18"]

1. Nf3 Nf6 2. g3 d5 3. Bg2 c6 4. O-O Bf5 5. d3 e6 6. Nbd2 Be7 7. Qe1 h6 8. e4
Bh7 9. b3 O-O 10. Bb2 a5 11. a3 Nbd7 12. e5 Ne8 13. h4 Nc7 14. Bh3 Kh8 15. h5
b5 16. Qe2 c5 17. Nh2 d4 18. f4 Nd5 19. Ne4 Ra6 20. Rae1 Rc6 21. Rf2 Qc7 22.
Kh1 N7b6 23. Qf3 Ne3 24. c4 bxc4 25. bxc4 Na4 26. Bc1 Bxe4 27. Qxe4 Nc3 28. Qf3
Nf5 29. g4 Ne3 30. Bxe3 dxe3 31. Rc2 Bh4 32. Rg1 e2 33. Qe3 e1=Q 34. Rxe1 Bxe1
35. Qxe1 Na4 36. g5 hxg5 37. fxg5 Rb6 38. h6 Qb7+ 39. Bg2 Rb1 40. Rc1 Rxc1 41.
Qxc1 Qb3 42. Bf1 Qc3 43. Qf4 Nb6 44. hxg7+ Kxg7 45. Qf6+ Kg8 46. Ng4 Nd7 47.
Qh6 Qe1 48. Nf6+ Nxf6 49. exf6 Qxf1+ 50. Kh2 Qe2+ 51. Kh1 Qf3+ 52. Kh2 Qf4+ 53.
Kh1 Qf1+ 1/2-1/2

[Event "European Youth Chess Championship B16"]
[Site "Prague, Top Hotel Prague"]
[Date "2016.08.22"]
[Round "5.16"]
[White "Lodici, Lorenzo"]
[Black "Tomulic, Teo"]
[Result "0-1"]
[WhiteElo "2394"]
[BlackElo "2148"]
[PlyCount "98"]
[EventDate "2016.08.18"]

1. d4 Nf6 2. c4 e6 3. Nc3 Bb4 4. e3 b6 5. Bd3 Bb7 6. Nf3 Ne4 7. O-O f5 8. Ne5
O-O 9. Nxe4 fxe4 10. Be2 Be7 11. f4 d6 12. Ng4 Nd7 13. b3 Qe8 14. Bb2 Nf6 15.
Rc1 Rc8 16. Qc2 c5 17. Rfd1 Qg6 18. Nxf6+ gxf6 19. dxc5 bxc5 20. Qc3 d5 21.
cxd5 exd5 22. Bf1 Bd8 23. a4 a5 24. Qe1 Bb6 25. Bc3 Ra8 26. Rc2 Rfd8 27. Rcd2
Rd6 28. g4 Kf8 29. f5 Qh6 30. g5 fxg5 31. Be5 Rd7 32. Bb5 Bc6 33. Bxc6 Qxc6 34.
Qg3 Re8 35. Qxg5 Rxe5 36. Rg2 Rf7 37. Rf1 Qf6 38. Qg8+ Ke7 39. Qb8 Rg7 40. Qb7+
Kf8 41. Qa8+ Bd8 42. Rxg7 Kxg7 43. Kh1 Be7 44. Rg1+ Kh6 45. Qg8 Rxf5 46. Qg2
Bd6 47. Qg4 Rg5 48. Qh4+ Kg6 49. Qxh7+ Kxh7 0-1

[Event "European Youth Chess Championship B16"]
[Site "Prague, Top Hotel Prague"]
[Date "2016.08.22"]
[Round "5.17"]
[White "Ranaldi, Lucas"]
[Black "Warmerdam, Max"]
[Result "0-1"]
[WhiteElo "2215"]
[BlackElo "2372"]
[PlyCount "120"]
[EventDate "2016.08.18"]

1. d4 Nf6 2. c4 g6 3. Nc3 Bg7 4. e4 d6 5. Bd3 O-O 6. Nge2 c5 7. d5 e6 8. h3
exd5 9. cxd5 Nbd7 10. O-O Re8 11. Ng3 a6 12. a4 Rb8 13. f4 Qa5 14. Be3 h5 15.
Qc2 Qc7 16. Qf2 c4 17. Bc2 b5 18. axb5 axb5 19. Ra7 Qd8 20. e5 dxe5 21. f5 h4
22. Nge4 b4 23. Nxf6+ Qxf6 24. Ne4 Qxf5 25. Qxh4 Qh5 26. Qxh5 gxh5 27. Nd6 Rd8
28. Nxf7 Rf8 29. Nd6 Rxf1+ 30. Kxf1 Nf6 31. Nxc4 Nxd5 32. Bg5 Be6 33. Ne3 e4
34. Bxe4 Nxe3+ 35. Bxe3 Bxb2 36. Rb7 Rf8+ 37. Kg1 b3 38. Bh7+ Kh8 39. Bd3 Bg7
40. Rb6 Bg8 41. Rb7 Rd8 42. Bf5 b2 43. Bf4 Rf8 44. g4 Rxf5 45. gxf5 Ba2 46. Kh2
b1=Q 47. Rxb1 Bxb1 48. Kg3 Bf6 49. Bb8 Bxf5 50. Ba7 Kh7 51. h4 Kg6 52. Bb8 Bg4
53. Bc7 Kf5 54. Ba5 Be5+ 55. Kg2 Ke4 56. Bd2 Bf3+ 57. Kh3 Kd3 58. Be1 Ke2 59.
Bg3 Bxg3 60. Kxg3 Ke3 0-1

[Event "European Youth Chess Championship B16"]
[Site "Prague, Top Hotel Prague"]
[Date "2016.08.22"]
[Round "5.18"]
[White "Dobrovoljc, Vid"]
[Black "Nguyen, Kevin"]
[Result "1-0"]
[WhiteElo "2306"]
[BlackElo "2169"]
[PlyCount "51"]
[EventDate "2016.08.18"]

1. d4 Nf6 2. c4 g6 3. Nc3 Bg7 4. e4 d6 5. Nf3 O-O 6. h3 e5 7. d5 Nh5 8. g3 Qe8
9. Be2 f5 10. exf5 gxf5 11. Nh4 Nf6 12. Qc2 Na6 13. a3 Nc5 14. Be3 Nce4 15.
Nxe4 Nxe4 16. Bd3 Qf7 17. g4 c6 18. Nxf5 Bxf5 19. Bxe4 Bxe4 20. Qxe4 cxd5 21.
cxd5 Rac8 22. O-O Bf6 23. Kg2 Qg7 24. Rac1 Bg5 25. Rxc8 Rxc8 26. Qf5 1-0

[Event "European Youth Chess Championship B16"]
[Site "Prague, Top Hotel Prague"]
[Date "2016.08.22"]
[Round "5.19"]
[White "Drori, Saar"]
[Black "Yilmaz, Goktan"]
[Result "1-0"]
[WhiteElo "2290"]
[BlackElo "2134"]
[PlyCount "71"]
[EventDate "2016.08.18"]

1. e4 c5 2. Nf3 d6 3. d4 cxd4 4. Nxd4 Nf6 5. Nc3 a6 6. h3 e6 7. g4 Be7 8. g5
Nfd7 9. Be3 Nc6 10. h4 Qc7 11. f4 b5 12. Nxc6 Qxc6 13. a3 Bb7 14. Qd2 O-O-O 15.
O-O-O h6 16. Bh3 hxg5 17. hxg5 Nc5 18. Bg2 Rxh1 19. Bxh1 g6 20. Qd4 Qc7 21. Kb1
e5 22. Qd2 Kb8 23. Qf2 Nd7 24. fxe5 Nxe5 25. Bb6 Qd7 26. Bxd8 Qxd8 27. Qd4 Nc6
28. Qd2 Ne5 29. Bg2 Nc4 30. Qf2 Qa5 31. Nd5 Bxd5 32. Rxd5 Ne5 33. Bf1 Bf8 34.
a4 Qxa4 35. Qb6+ Kc8 36. Rxe5 1-0

[Event "European Youth Chess Championship B16"]
[Site "Prague, Top Hotel Prague"]
[Date "2016.08.22"]
[Round "5.20"]
[White "Gallagher, Daniel GH"]
[Black "Ayats, Llobera Gerard"]
[Result "0-1"]
[WhiteElo "2128"]
[BlackElo "2290"]
[PlyCount "64"]
[EventDate "2016.08.18"]

1. e4 c5 2. Nf3 e6 3. d4 cxd4 4. Nxd4 a6 5. Nc3 b5 6. a3 Bb7 7. g3 Nf6 8. Bg2
d6 9. O-O Qc7 10. Be3 Be7 11. f4 Nbd7 12. g4 Nc5 13. e5 dxe5 14. fxe5 Nfd7 15.
Bxb7 Nxb7 16. Qf3 Nxe5 17. Qg3 Bd6 18. Ne4 Nc4 19. Nxd6+ Qxd6 20. Qf3 O-O 21.
Bf2 Nc5 22. Rad1 Qc7 23. Nc6 Nd7 24. Bg3 e5 25. Ne7+ Kh8 26. Nf5 f6 27. g5 fxg5
28. Qg4 Nf6 29. Qe2 Qb6+ 30. Bf2 Qe6 31. Bd4 Nd5 32. Qe4 Nf4 0-1

[Event "European Youth Chess Championship B16"]
[Site "Prague, Top Hotel Prague"]
[Date "2016.08.22"]
[Round "5.21"]
[White "Roshka, Yevgeniy"]
[Black "Buzas, Bertalan"]
[Result "1-0"]
[WhiteElo "2285"]
[BlackElo "2127"]
[PlyCount "95"]
[EventDate "2016.08.18"]

1. d4 Nf6 2. c4 e6 3. Nc3 Bb4 4. f3 c5 5. d5 d6 6. e4 O-O 7. Bd3 b5 8. Nge2
exd5 9. cxd5 c4 10. Bc2 Ba5 11. a3 a6 12. Be3 Re8 13. O-O Bb6 14. Bxb6 Qxb6+
15. Qd4 Nbd7 16. Qxb6 Nxb6 17. Nd4 Bd7 18. Rae1 Re7 19. Re2 Rae8 20. Rfe1 Rc8
21. Kf2 Rc5 22. Re3 a5 23. b4 cxb3 24. Nxb3 Nc4 25. Nxc5 Nxe3 26. Rxe3 dxc5 27.
e5 Nh5 28. g3 g6 29. f4 c4 30. Bd1 b4 31. axb4 axb4 32. Ne4 Bh3 33. Kf3 Rb7 34.
Nd6 Rc7 35. g4 Ng7 36. Ke4 Bf1 37. Re1 Bd3+ 38. Kd4 h5 39. h3 hxg4 40. hxg4 Kf8
41. Ba4 Ra7 42. Bb5 b3 43. Bxc4 Bc2 44. Kc3 Ra4 45. Rf1 Ne8 46. Nxe8 b2 47. Bb5
Ra1 48. Kxc2 1-0

[Event "European Youth Chess Championship B16"]
[Site "Prague, Top Hotel Prague"]
[Date "2016.08.22"]
[Round "5.22"]
[White "Paiva, Henrique"]
[Black "Koziol, Kamil"]
[Result "1-0"]
[WhiteElo "2121"]
[BlackElo "2276"]
[PlyCount "79"]
[EventDate "2016.08.18"]

1. e4 c5 2. Nf3 e6 3. d4 cxd4 4. Nxd4 a6 5. Nc3 Qc7 6. Be2 Nf6 7. O-O b5 8. e5
b4 9. Ncb5 axb5 10. exf6 gxf6 11. Nxb5 Qb6 12. Bf4 e5 13. Be3 Qc6 14. Bf3 e4
15. Bxe4 Qxe4 16. Nc7+ Kd8 17. Bb6 Bb7 18. f3 Qc6 19. Nxa8+ Kc8 20. Bd4 Bxa8
21. c3 b3 22. axb3 Bb7 23. b4 Bd6 24. b5 Qxb5 25. Bxf6 Qb6+ 26. Bd4 Bc5 27. Re1
Rg8 28. Kh1 Qg6 29. Qe2 Bd6 30. Bb6 Nc6 31. Ra4 Ne5 32. Rg4 Qxg4 33. fxg4 Bc6
34. h3 h5 35. Bd4 Ng6 36. Qa6+ Kc7 37. Bb6+ Kb8 38. Rd1 Be5 39. Rd4 Nh4 40. Rb4
1-0

[Event "European Youth Chess Championship B16"]
[Site "Prague, Top Hotel Prague"]
[Date "2016.08.22"]
[Round "5.23"]
[White "Iliaguev, Nisim"]
[Black "Plazuelo, Pascual Juan"]
[Result "0-1"]
[WhiteElo "2120"]
[BlackElo "2256"]
[PlyCount "62"]
[EventDate "2016.08.18"]

1. e4 e6 2. d3 d5 3. Qe2 Nc6 4. Nf3 e5 5. exd5 Qxd5 6. Nc3 Bb4 7. Bd2 Bxc3 8.
Bxc3 Bg4 9. Qe4 Bxf3 10. gxf3 Nf6 11. Qxd5 Nxd5 12. Bd2 Nd4 13. O-O-O O-O-O 14.
Bg2 Nf4 15. Bxf4 Ne2+ 16. Kb1 Nxf4 17. Bf1 c5 18. h4 h5 19. c3 Rh6 20. Rg1 g6
21. d4 cxd4 22. cxd4 exd4 23. Bc4 Rh7 24. Rge1 f5 25. Rd2 Rc7 26. b3 Rc6 27.
Re7 Kb8 28. Rg7 Rc7 29. Rg8 Rxg8 30. Bxg8 Rd7 31. Bc4 Ng2 0-1

[Event "European Youth Chess Championship B16"]
[Site "Prague, Top Hotel Prague"]
[Date "2016.08.22"]
[Round "5.24"]
[White "German, Nikita"]
[Black "Storme, Isak"]
[Result "1-0"]
[WhiteElo "2223"]
[BlackElo "2108"]
[PlyCount "97"]
[EventDate "2016.08.18"]

1. e4 c5 2. Nf3 d6 3. d4 cxd4 4. Nxd4 Nf6 5. Nc3 Nc6 6. Bg5 e6 7. Qd2 a6 8.
O-O-O Bd7 9. f4 b5 10. Bxf6 gxf6 11. Kb1 Qb6 12. Nxc6 Bxc6 13. Bd3 Qc5 14. f5
e5 15. Be2 Rc8 16. Rhf1 h5 17. Rf3 b4 18. Bxa6 Ra8 19. Qe2 Qb6 20. Nd5 Bxd5 21.
Qb5+ Qxb5 22. Bxb5+ Ke7 23. Rxd5 Rg8 24. g3 Rg4 25. Bd3 Rb8 26. Ra5 Bh6 27.
Ra7+ Kf8 28. Rd7 Rb6 29. Rd8+ Kg7 30. h3 Rg5 31. b3 Kh7 32. Kb2 Rg7 33. c3
bxc3+ 34. Kxc3 Bc1 35. a4 Ba3 36. Bb5 Bc5 37. Kc4 Rg8 38. Rxg8 Kxg8 39. a5 Rb8
40. b4 Bd4 41. Bc6 Kf8 42. b5 Ke7 43. Rd3 Bc5 44. Rb3 Rc8 45. Kd5 Rb8 46. b6
Kd8 47. a6 Bxb6 48. Rxb6 Rxb6 49. a7 1-0